Online katalóg knižníc regiónu Turca

Podvodníkova žena (Record no. 21491)

MARC details
000 -LEADER
fixed length control field 01215nam a2200361 4500
001 - CONTROL NUMBER
control field 21491
003 - CONTROL NUMBER IDENTIFIER
control field VRT
005 - DATE AND TIME OF LATEST TRANSACTION
control field 20260302143237.0
008 - FIXED-LENGTH DATA ELEMENTS--GENERAL INFORMATION
fixed length control field 220210s2020 xo g 000 f slo d
020 ## - INTERNATIONAL STANDARD BOOK NUMBER
International Standard Book Number 9788056906279
Qualifying information (viazané)
035 ## - SYSTEM CONTROL NUMBER
System control number a000700298
039 #9 - LEVEL OF BIBLIOGRAPHIC CONTROL AND CODING DETAIL [OBSOLETE]
Level of rules in bibliographic description 202204120923
Level of effort used to assign nonsubject heading access points izakovicm
Level of effort used to assign subject headings 202204071355
Level of effort used to assign classification schiebea
Level of effort used to assign subject headings 202202101022
Level of effort used to assign classification hlavenkova
Level of effort used to assign subject headings 202202101018
Level of effort used to assign classification hlavenkova
040 ## - CATALOGING SOURCE
Original cataloging agency TVZK
Language of cataloging slo
Transcribing agency TVZK
Modifying agency UKB
Description conventions rda
041 0# - LANGUAGE CODE
Language code of text/sound track or separate title slo
044 ## - COUNTRY OF PUBLISHING/PRODUCING ENTITY CODE
MARC country code xo
ISO country code SK
072 #7 - SUBJECT CATEGORY CODE
Subject category code 821.162.4-3
Subject category code subdivision Slovenská próza
Source konspekt
080 ## - UNIVERSAL DECIMAL CLASSIFICATION NUMBER
Universal Decimal Classification number 821.162.4-31
Edition identifier 2011
080 ## - UNIVERSAL DECIMAL CLASSIFICATION NUMBER
Universal Decimal Classification number (0:82-31)
Edition identifier 2011
100 1# - MAIN ENTRY--PERSONAL NAME
Personal name Havranová, Ivana,
Dates associated with a name 1952-
Relationship aut
245 10 - TITLE STATEMENT
Title Podvodníkova žena
Statement of responsibility, etc. Ivana Havranová
250 ## - EDITION STATEMENT
Edition statement 1. vydanie
264 #1 - PRODUCTION, PUBLICATION, DISTRIBUTION, MANUFACTURE, AND COPYRIGHT NOTICE
Place of production, publication, distribution, manufacture Bratislava
Name of producer, publisher, distributor, manufacturer Marenčin PT
Date of production, publication, distribution, manufacture, or copyright notice 2020
300 ## - PHYSICAL DESCRIPTION
Extent 174 strán, 1 nečíslovaná strana
Dimensions 22 cm
336 ## - CONTENT TYPE
Content type term text
Content type code txt
Source rdacontent
337 ## - MEDIA TYPE
Media type term bez média
Media type code n
Source rdamedia
338 ## - CARRIER TYPE
Carrier type term zväzok
Carrier type code nc
Source rdacarrier
655 #7 - INDEX TERM--GENRE/FORM
Genre/form data or focus term slovenské romány
Source of term UKBPH
655 #7 - INDEX TERM--GENRE/FORM
Genre/form data or focus term romány pre ženy
Source of term UKBPH
942 ## - ADDED ENTRY ELEMENTS (KOHA)
Source of classification or shelving scheme Dewey Decimal Classification
Koha item type Krásna literatúra pre dospelých
Suppress in OPAC No
949 ## - LOCAL PROCESSING INFORMATION (OCLC)
6 1800860705
a SJ.D.29193
b PV.2022-988
949 ## - LOCAL PROCESSING INFORMATION (OCLC)
6 1800860706
a SK.D.97574
b PV.2022-989
s 6707:20220429
980 ## - EQUIVALENCE OR CROSS-REFERENCE-SERIES STATEMENT--PERSONAL NAME/TITLE [LOCAL, CANADA]
Personal name Marenčin PT, s.r.o., Jelenia 6, 811 05 Bratislava
Holdings
Stav vyradenia Strata Poškodenie Spôsob nadobudnutia Domovská knižnica Aktuálna knižnica Dátum nadobudnutia Total checkouts Čiarový kód exemplára Date last seen Typ exemplára
      Dar Obecná knižnica Turčianska Štiavnička Obecná knižnica Turčianska Štiavnička 02.03.2026   4738000201 02.03.2026 Krásna literatúra pre dospelých
Projekt je podporený Slovenskou asociáciou knižníc
Prevádzkuje Turčianska knižnica Martin 2026